Winfield & Jolowicz Tort / (Record no. 587210)
[ view plain ]
| 000 -LEADER | |
|---|---|
| fixed length control field | 00435nam a22001577a 4500 |
| 020 ## - INTERNATIONAL STANDARD BOOK NUMBER | |
| International Standard Book Number | 9781414066212 |
| 082 ## - DEWEY DECIMAL CLASSIFICATION NUMBER | |
| Classification number | 346.4203 |
| 100 ## - MAIN ENTRY--PERSONAL NAME | |
| Personal name | Goudkamp, James |
| 245 ## - TITLE STATEMENT | |
| Title | Winfield & Jolowicz Tort / |
| Statement of responsibility, etc. | James Goudkamp & Donal Nolan |
| 250 ## - EDITION STATEMENT | |
| Edition statement | 10th Edition. |
| 260 ## - PUBLICATION, DISTRIBUTION, ETC. | |
| Place of publication, distribution, etc. | London : |
| Name of publisher, distributor, etc. | Sweet & Maxwell, |
| Date of publication, distribution, etc. | 2020. |
| 300 ## - PHYSICAL DESCRIPTION | |
| Extent | 804 p. ; |
| Dimensions | 23 cm. |
| 942 ## - ADDED ENTRY ELEMENTS (KOHA) | |
| Source of classification or shelving scheme | |
| Koha item type | Book |
| Withdrawn status | Lost status | Source of classification or shelving scheme | Damaged status | Not for loan | Permanent Location | Current Location | Shelving location | Date acquired | Source of acquisition | Total Checkouts | Total Renewals | Full call number | Barcode | Checked out | Date last seen | Date last checked out | Price effective from | Koha item type |
|---|---|---|---|---|---|---|---|---|---|---|---|---|---|---|---|---|---|---|
| NUST Law School (NLS) | NUST Law School (NLS) | Law | 12/08/2021 | Pakistan Law House | 2 | 1 | 346.4203 GOU | CL-917 | 10/10/2025 | 06/12/2025 | 06/12/2025 | 12/08/2021 | Book |
